Vista normal
Vista MARC
Entrada Nombre corporativo
Número de registros utilizados en: 1
001 - NÚMERO DE CONTROL
- Campo de control: 4721
003 - IDENTIFICADOR DE NÚMERO DE CONTROL
- Campo de control: ES-MaCES
005 - FECHA Y HORA DE LA ULTIMA MODIFICACION
- Campo de control: 19990617124800.0
008 - ELEMENTOS DE DATOS DE LONGITUD FIJA
- Campo de longitud fija: 981123 | azznnaabn |n ana d
035 ## - NÚMERO DE CONTROL DEL SISTEMA
- Número de control del sistema: CES19980013701e
040 ## - FUENTE DE LA CATALOGACIÓN
- Agencia original de catalogación: ES-MaCES
- Idioma de catalogación: spa
- Agencia de transcripción: ES-MaCES
110 2# - ENCABEZAMIENTO--NOMBRE CORPORATIVO
- Nombre corporativo o de jurisdicción como elemento de entrada: Organización Internacional del Trabajo
- Unidad subordinada: Comisión de Empleados y de Trabajadores Intelectuales
- Unidad subordinada: Reunión
- Número de parte/sección/reunión: 10ª
- Lugar de reunión o firma del tratado: 1994
- Lugar de la reunión: Ginebra
901 ## - CES. DATOS SIRTEX
- ID Sirtex (N5N8): 0001800001370
- 005BIS Sirtex: 199811231632MIG

